<?xml version="1.0" encoding="UTF-8"?><marc:collection xmlns:marc="http://www.loc.gov/MARC21/slim">
  <marc:record>
    <marc:leader>00000nam##2200000za#4500</marc:leader>
    <marc:controlfield tag="001">9.642613</marc:controlfield>
    <marc:controlfield tag="003">CaOODSP</marc:controlfield>
    <marc:controlfield tag="005">20220328113321</marc:controlfield>
    <marc:controlfield tag="007">cr |||||||||||</marc:controlfield>
    <marc:controlfield tag="008">150407|2000||||xxc|||||o    f|0| 0 fre|d</marc:controlfield>
    <marc:datafield tag="040" ind1=" " ind2=" ">
      <marc:subfield code="a">CaOODSP</marc:subfield>
      <marc:subfield code="b">fre</marc:subfield>
    </marc:datafield>
    <marc:datafield tag="043" ind1=" " ind2=" ">
      <marc:subfield code="a">n-cn---</marc:subfield>
    </marc:datafield>
    <marc:datafield tag="086" ind1="1" ind2=" ">
      <marc:subfield code="a">C2-509/2000F-PDF</marc:subfield>
    </marc:datafield>
    <marc:datafield tag="110" ind1="1" ind2=" ">
      <marc:subfield code="a">Canada. </marc:subfield>
      <marc:subfield code="b">Industrie Canada.</marc:subfield>
    </marc:datafield>
    <marc:datafield tag="245" ind1="1" ind2="3">
      <marc:subfield code="a">La participation au système des normes : </marc:subfield>
      <marc:subfield code="h">[ressource électronique]</marc:subfield>
      <marc:subfield code="b">un guide à l'intention des représentants des consommateurs </marc:subfield>
    </marc:datafield>
    <marc:datafield tag="260" ind1=" " ind2=" ">
      <marc:subfield code="a">Ottawa - Ontario : </marc:subfield>
      <marc:subfield code="b">Industrie Canada </marc:subfield>
      <marc:subfield code="c">[2000].</marc:subfield>
    </marc:datafield>
    <marc:datafield tag="300" ind1=" " ind2=" ">
      <marc:subfield code="a">26p.</marc:subfield>
      <marc:subfield code="b">figures en couleur, glossaire</marc:subfield>
    </marc:datafield>
    <marc:datafield tag="500" ind1=" " ind2=" ">
      <marc:subfield code="a">Le n° de catalogue (C2-509/2000) et l'ISBN (0-662-65111-1) de l'édition imprimée bilingue ont été incorrectement copiés dans l'édition électronique.</marc:subfield>
    </marc:datafield>
    <marc:datafield tag="590" ind1=" " ind2=" ">
      <marc:subfield code="a">13-27-Supp</marc:subfield>
      <marc:subfield code="b">2013-11-15</marc:subfield>
    </marc:datafield>
    <marc:datafield tag="691" ind1="0" ind2="7">
      <marc:subfield code="a">Norme de qualité</marc:subfield>
      <marc:subfield code="2">gcpds</marc:subfield>
    </marc:datafield>
    <marc:datafield tag="691" ind1="0" ind2="7">
      <marc:subfield code="a">Norme de sécurité</marc:subfield>
      <marc:subfield code="2">gcpds</marc:subfield>
    </marc:datafield>
    <marc:datafield tag="691" ind1="0" ind2="7">
      <marc:subfield code="a">Protection du consommateur</marc:subfield>
      <marc:subfield code="2">gcpds</marc:subfield>
    </marc:datafield>
    <marc:datafield tag="775" ind1="0" ind2="8">
      <marc:subfield code="t">Participating in the standards system : </marc:subfield>
      <marc:subfield code="w">(CaOODSP)9.698606</marc:subfield>
    </marc:datafield>
    <marc:datafield tag="856" ind1="4" ind2="0">
      <marc:subfield code="a">http://publications.gc.ca</marc:subfield>
      <marc:subfield code="q">PDF</marc:subfield>
      <marc:subfield code="s">1789 Ko</marc:subfield>
      <marc:subfield code="u">https://publications.gc.ca/collections/collection_2013/ic/C2-509-2000-fra.pdf</marc:subfield>
    </marc:datafield>
  </marc:record>
</marc:collection>
